000 00271nam a22001217a 4500
008 170608b xxu||||| |||| 00| 0 eng d
041 _aeng
080 _a32
100 _a18
101 _aSHP
245 _aGROUP YHEORIES POLITIES
_cGARSON .G.D
942 _2udc
_cBK
999 _c16489
_d16489